<?xml version="1.0" encoding="UTF-8"?>
<record
    xmlns:xsi="http://www.w3.org/2001/XMLSchema-instance"
    xsi:schemaLocation="http://www.loc.gov/MARC21/slim http://www.loc.gov/standards/marcxml/schema/MARC21slim.xsd"
    xmlns="http://www.loc.gov/MARC21/slim">

  <leader>     nam a22     7a 4500</leader>
  <datafield tag="999" ind1=" " ind2=" ">
    <subfield code="c">56617</subfield>
    <subfield code="d">56617</subfield>
  </datafield>
  <controlfield tag="003">OSt</controlfield>
  <controlfield tag="005">20230519083227.0</controlfield>
  <controlfield tag="008">230519b        xxu||||| |||| 00| 0 eng d</controlfield>
  <datafield tag="040" ind1=" " ind2=" ">
    <subfield code="c">IIMTU , MEERUT</subfield>
  </datafield>
  <datafield tag="100" ind1=" " ind2=" ">
    <subfield code="a">KANUNGO, R / SEXENA . S</subfield>
  </datafield>
  <datafield tag="245" ind1=" " ind2=" ">
    <subfield code="a">ANANTHANARAYAN &amp; PANIKER'S TEXT BOOK PF MICROBIOLOGY MCQ'S</subfield>
  </datafield>
  <datafield tag="250" ind1=" " ind2=" ">
    <subfield code="a">12 TH </subfield>
  </datafield>
  <datafield tag="260" ind1=" " ind2=" ">
    <subfield code="a">HYDERABAD</subfield>
    <subfield code="b">UNIVERSITIES</subfield>
    <subfield code="c">2023</subfield>
  </datafield>
  <datafield tag="300" ind1=" " ind2=" ">
    <subfield code="a">122</subfield>
  </datafield>
  <datafield tag="942" ind1=" " ind2=" ">
    <subfield code="2">ddc</subfield>
    <subfield code="c">01</subfield>
    <subfield code="e">12 TH</subfield>
  </datafield>
  <datafield tag="952" ind1=" " ind2=" ">
    <subfield code="0">0</subfield>
    <subfield code="1">0</subfield>
    <subfield code="2">ddc</subfield>
    <subfield code="4">0</subfield>
    <subfield code="7">0</subfield>
    <subfield code="a">30</subfield>
    <subfield code="b">30</subfield>
    <subfield code="d">2023-05-11</subfield>
    <subfield code="e">ARISTA</subfield>
    <subfield code="g">0.00</subfield>
    <subfield code="i">HO/IN/24</subfield>
    <subfield code="l">0</subfield>
    <subfield code="o">576 KAN</subfield>
    <subfield code="p">30-B-5734</subfield>
    <subfield code="r">2023-05-19</subfield>
    <subfield code="v">0.00</subfield>
    <subfield code="w">2023-05-19</subfield>
    <subfield code="y">01</subfield>
  </datafield>
  <datafield tag="952" ind1=" " ind2=" ">
    <subfield code="0">0</subfield>
    <subfield code="1">0</subfield>
    <subfield code="2">ddc</subfield>
    <subfield code="4">0</subfield>
    <subfield code="7">0</subfield>
    <subfield code="a">30</subfield>
    <subfield code="b">30</subfield>
    <subfield code="d">2023-05-11</subfield>
    <subfield code="e">ARISTA</subfield>
    <subfield code="g">0.00</subfield>
    <subfield code="i">HO/IN/24</subfield>
    <subfield code="l">0</subfield>
    <subfield code="o">576 KAN</subfield>
    <subfield code="p">30-B-5735</subfield>
    <subfield code="r">2023-05-19</subfield>
    <subfield code="v">0.00</subfield>
    <subfield code="w">2023-05-19</subfield>
    <subfield code="y">01</subfield>
  </datafield>
  <datafield tag="952" ind1=" " ind2=" ">
    <subfield code="0">0</subfield>
    <subfield code="1">0</subfield>
    <subfield code="2">ddc</subfield>
    <subfield code="4">0</subfield>
    <subfield code="7">0</subfield>
    <subfield code="a">30</subfield>
    <subfield code="b">30</subfield>
    <subfield code="d">2023-05-11</subfield>
    <subfield code="e">ARISTA</subfield>
    <subfield code="g">0.00</subfield>
    <subfield code="i">HO/IN/24</subfield>
    <subfield code="l">0</subfield>
    <subfield code="o">576 KAN</subfield>
    <subfield code="p">30-B-5736</subfield>
    <subfield code="r">2023-05-19</subfield>
    <subfield code="v">0.00</subfield>
    <subfield code="w">2023-05-19</subfield>
    <subfield code="y">01</subfield>
  </datafield>
</record>
